The changeling (Record no. 32040)
[ view plain ]
| 000 -LEADER | |
|---|---|
| fixed length control field | 01471nam a2200349 a 4500 |
| 082 04 - DEWEY DECIMAL CLASSIFICATION NUMBER | |
| Classification number | 822.3 |
| 100 1# - MAIN ENTRY--AUTHOR NAME | |
| Personal name | Middleton, Thomas, |
| 245 14 - TITLE STATEMENT | |
| Title | The changeling |
| 260 ## - PUBLICATION, DISTRIBUTION, ETC. (IMPRINT) | |
| Place of publication | Philadelphia : |
| Name of publisher | University of Pennsylvania Press, |
| Year of publication | [1966] |
| 300 ## - PHYSICAL DESCRIPTION | |
| Number of Pages | 143 p. : |
| Other physical details | facsim. |
| 490 1# - SERIES STATEMENT | |
| Series statement | The Mathew Carey library of English and American literature ; |
| 650 #0 - SUBJECT ADDED ENTRY--TOPICAL TERM | |
| Topical Term | English drama |
| 700 1# - ADDED ENTRY--PERSONAL NAME | |
| Personal name | Rowley, William, |
| Personal name | Black, Matthew W. |
| 856 40 - ELECTRONIC LOCATION AND ACCESS | |
| Uniform Resource Identifier | http://site.ebrary.com/lib/rucke/Doc?id=10642214 |
No items available.
